Kalaşnikof'a güzelleme (Record no. 3391)

MARC details
000 -BAŞLIK
Sabit Uzunlukta Kontrol Alanı 00718na a2200229 4500
001 - KONTROL NUMARASI
Denetim Alanı 15862
003 - KONTROL NUMARASI IDENTIFIER
Denetim Alanı MIRAKIL
005 - SON İŞLEM TARİHİ VE ZAMANI
Denetim Alanı 20181213154930.0
008 - SABİT-BOY VERİ ELEMANLARI - GENEL BİLGİLER
Sabit Uzunlukta Kontrol Alanı 160925b tu 000 0
020 ## - ULUSLARARASI STANDART KİTAP NUMARASI
Uluslararası Standart Kitap Numarası 9757244412
035 ## - SİSTEM KONTROL NUMARASI
Sistem Kontrol Numarası 15862
040 ## - KATALOGLAMA KAYNAK
Orijinal Kataloglama Ajansı Milas
Kataloglama Dili tur
Metne Dönüştürmek Ajansı TR-AnCHP
082 ## - DEWEY ONLU SINIFLANDIRMA NUMARASI
Sınıflandırma Numarası 070.442320
Ürün Numarası K26k 1995
090 ## - SINIFLAMA NUMARASI
Sınıflama Numarası 070.442320 K26k 1995
100 ## - ANA GİRİŞ - KİŞİSEL İSİM
Kişisel Ad Karaca, Emin
Bir Adıyla İlişkilendirilen Tarihler 1949-
245 ## - BAŞLIK TABLOSU
Başlık Kalaşnikof'a güzelleme
Başlığın Kalan (toplumsal dayanışma yazıları ve ötekiler)
Sorumluluk Tablosu, Vb Emin Karaca
260 ## - YAYIN, DAĞITIM, VB
Yayın, Dağıtım, Vb Yeri İstanbul
Yayıncı, Dağıtıcı, Vs Adı Toplumsal dönüşüm yayınları
Yayın, Dağıtım, Vb Tarihi 1995
300 ## - FİZİKSEL TANIM
Kapsam 250 s.
Boyutlar 20 sm.
490 ## - SERİSİ TABLOSU
Seri Beyanı Toplumsal Dönüşüm yayınları
Hacim / Ardışık Tanımı 26
650 ## - KONU KATMA GİRİŞ - TOPİKAL DÖNEM
Topikal Süreli Veya Coğrafi Ad Giriş Elemanı Türk edebiyatı
Genel Alt Bölümü Köşe yazıları
Kronolojik Alt Bölümü Siyaset bilimi
942 ## - EKLENDİ GİRİŞ ELEMANLARI (KOHA)
Sınıflandırma Veya Raf Düzeni Kaynak
Koha Öğesi Türü Books
999 ## - SİSTEM KONTROL NUMARALARI (KOHA)
Koha Biblionumber 3391
Koha Biblioitemnumber 3391
Holdings
Kalıcı Konum Mevcut Konum Edinme Tarihi Edinim Kaynak Toplam Check-Out'Lar Tam Çağrı Numarası Barkod Tarih Son Görülme İtibaren Geçerli Fiyatlar Koha Öğesi Türü
CHP Kütüphanesi CHP Kütüphanesi 09/25/2016 Bağış   070.442320 K26k 1995 004198 09/25/2016 09/25/2016 Books